000 01079nam a22003497a 4500
003 CHAP
005 20220329141759.0
008 971013s1974 r 00010 d
010 _a73729
011 _a74701
035 _a84260
040 _cCHAP
082 _a547.6
_bG3y
100 0 0 _aGarratt, P. J.
_946936
245 _aAromaticidad
260 _aMadrid :
_bAlhambra,
_c1974
300 _a264 p.
_b: ilus.
490 _aAlhambra. Exedra
590 _aBATCH-UPD
_b10
_c20130110
_lUCH01
_h0302
590 _aBATCH-UPD
_b10
_c20130110
_lUCH01
_h1856
590 _aBATCH-UPD
_b10
_c20130409
_lUCH01
_h2334
590 _aBATCH-UPD
_b10
_c20130914
_lUCH01
_h0110
590 _aCONVERSION
_b10
_c20130109
_lUCH01
_h1340
650 1 4 _aAromatización.
_97329
650 1 4 _aBenceno.
_911530
650 1 4 _aCompuestos aromáticos.
_926119
830 0 _aAlhambra. Exedra
_94080
901 _aBK
942 _cLIBRO
949 _a547.6 G3y
_bBC
_cLIBRO
_d33724000445011
_eLIBRO
_gI.126350
_h65898
_i84260
_si
949 _a547.6 G3y
_bBC
_cLIBRO
_d33724000445029
_eLIBRO
_gI.126351
_h65899
_i84260
_si
999 _c73729
_d73729